Zamestnávanie občanov so zdravotným postihnutím v cestovnom ruchu bakalárska práca

Saved in:
Bibliographic Details
Main Author: Baraniaková, Martina
Corporate Author: Obchodná fakulta EU. Katedra služieb a cestovného ruchu - zrušené
Other Authors: Šuterová, Viola, 1957-
Format: Book
Language:Slovak
Published: Bratislava 2016
Tags: Add Tag
No Tags, Be the first to tag this record!

MARC

LEADER 00000nbm a2200000 4500
001 0218740
005 20170126131701.0
041 0 |a slo 
044 |a SK 
245 1 0 |a Zamestnávanie občanov so zdravotným postihnutím v cestovnom ruchu  |b bakalárska práca  |c Martina Baraniaková ; školiteľ: Viola Šuterová 
264 1 |a Bratislava  |c 2016 
300 |a 51 s. 
100 1 |a Baraniaková, Martina 
700 1 |a Šuterová, Viola, 1957- 
710 2 |a Obchodná fakulta EU. Katedra služieb a cestovného ruchu - zrušené